Bleacher Report Top 99 Quarterbacks All Time - Statistics

General Stats
  • This quiz has been taken 29 times
  • The average score is 59 of 99
Answer Stats
Rank Answer % Correct
5 Aaron Rodgers
100%
24 Eli Manning
100%
4 Patrick Mahomes
100%
3 Peyton Manning
100%
1 Tom Brady
100%
86 Archie Manning
96%
10 Dan Marino
96%
2 Joe Montana
96%
7 Brett Favre
92%
28 Lamar Jackson
92%
16 Ben Roethlisberger
88%
35 Josh Allen
88%
8 Drew Brees
84%
75 Jalen Hurts
84%
11 Johnny Unitas
84%
9 Steve Young
84%
76 Alex Smith
80%
63 Jared Goff
80%
66 Joe Burrow
80%
53 Joe Flacco
80%
6 John Elway
80%
20 Matthew Stafford
80%
52 Michael Vick
80%
17 Roger Staubach
80%
25 Russell Wilson
80%
57 Tony Romo
80%
19 Troy Aikman
80%
22 Jim Kelly
76%
32 Philip Rivers
76%
15 Terry Bradshaw
76%
14 Bart Starr
72%
56 Carson Palmer
72%
83 Frank Ryan
72%
13 Fran Tarkenton
72%
33 Joe Namath
72%
18 Kurt Warner
72%
41 Matt Ryan
72%
21 Warren Moon
72%
43 Cam Newton
68%
59 Dak Prescott
68%
42 Donovan McNabb
68%
51 Drew Bledsoe
68%
55 Andrew Luck
64%
85 Brad Johnson
64%
93 Justin Herbert
64%
92 Bert Jones
60%
71 Kirk Cousins
60%
47 Boomer Esiason
56%
77 Derek Carr
56%
84 Doug Williams
56%
29 Len Dawson
56%
39 Randall Cunningham
56%
73 Vinny Testaverde
56%
88 Andy Dalton
52%
46 Joe Theismann
52%
40 Ken Anderson
52%
30 Ken Stabler
52%
12 Otto Graham
52%
45 Steve McNair
52%
36 YA Tittle
52%
34 Bob Griese
48%
23 Dan Fouts
48%
78 Daunte Culpepper
48%
68 Jim Plunkett
48%
65 Matt Hasselbeck
48%
27 Norm Van Brocklin
48%
44 Phil Simms
48%
80 Bernie Kosar
44%
81 Jim McMahon
44%
82 Ron Jaworski
44%
99 Ryan Tannehill
44%
26 Sammy Baugh
44%
91 Trent Green
44%
79 Brian Sipe
40%
98 Danny White
40%
72 Dave Krieg
40%
54 George Blanda
40%
69 Jim Hart
40%
94 Kerry Collins
40%
61 Mark Brunell
40%
97 Mark Rypien
40%
38 Sonny Jurgensen
40%
48 Daryle LaMonica
36%
67 Earl Morrall
36%
62 John Hadl
36%
50 Rich Gannon
36%
31 Sid Luckman
36%
37 Bobby Layne
32%
96 Craig Morton
32%
74 Jeff Garcia
32%
90 Jim Everett
32%
64 John Brodie
32%
89 Don Meredith
28%
60 Jack Kemp
28%
95 Jeff Hostetler
28%
49 Roman Gabriel
28%
87 Norm Snead
20%
58 Bob Waterfield
16%
70 Dutch Clark
16%
No matching quizzes found
Score Distribution
Percent of People with Each Score
Percentile by Number Answered
Your Score History
You have not taken this quiz